01009nam a2200265 i 4500001000300000003000400003005001700007008004100024015001800065020001500083040000800098080001100106080001200117080001200129100003600141245009000177260006100267300002800328504002500356521015100381655003000532650003500562710004800597856009800645bgBPK20190827124814.0060602s2006 pl a f f |000 0 pol  aPB 2006/19247 a8373481516 cBPK a620.92 a 502.17 a(075.8)1 aKlugmann-Radziemska, EwaeAutor10aOdnawialne źródła energii :bprzykłady obliczeniowe /cEwa Klugmann-Radziemska. aGdańsk :bWydawnictwo Politechniki Gdańskiej,c2006. a100 s. :bil. ;c24 cm. aBibliogr. s. 99-100.8 aDla studentów Wydz. Chemicznego oraz Wydz. Fizyki Technicznej i Matematyki Stosowanej PG (specjalność: Fizyka i Technika Konwersji Energii). 4aPodręczniki akademickie 4aOdnawialne źródła energii2 aPolitechnika Gdańska.bWydawnictwo.4pbl. uhttp://koha.tu.koszalin.pl/cgi-bin/koha/opac-detail.pl?biblionumber=52305yKatalog online BPK